A textbook of entomology / (Record no. 1270)
[ view plain ]
| 000 -LEADER | |
|---|---|
| fixed length control field | 00899nam a22002777a 4500 |
| 001 - CONTROL NUMBER | |
| control field | BD-DhSAU 1270 |
| 001 - CONTROL NUMBER | |
| control field | 1270 |
| 003 - CONTROL NUMBER IDENTIFIER | |
| control field | BD-DhSAU |
| 005 - DATE AND TIME OF LATEST TRANSACTION | |
| control field | 20150113211745.0 |
| 008 - FIXED-LENGTH DATA ELEMENTS--GENERAL INFORMATION | |
| fixed length control field | 150113s1982 -cna|||| ||| 001 0 eng d |
| 040 ## - CATALOGING SOURCE | |
| Original cataloging agency | BD-DhSAU |
| 082 ## - DEWEY DECIMAL CLASSIFICATION NUMBER | |
| Edition number | 22 |
| Classification number | 595.7 |
| Item number | ROE |
| 100 ## - MAIN ENTRY--PERSONAL NAME | |
| Personal name | Ross, Herbert H. |
| 245 ## - TITLE STATEMENT | |
| Title | A textbook of entomology / |
| Statement of responsibility, etc. | Herbert H Ross, Charles A. Ross, June R. P. Ross. |
| 250 ## - EDITION STATEMENT | |
| Edition statement | 4th ed. |
| 260 ## - PUBLICATION, DISTRIBUTION, ETC. (IMPRINT) | |
| Place of publication, distribution, etc. | New York ; |
| -- | Camnada : |
| Name of publisher, distributor, etc. | J. Wiley, |
| Date of publication, distribution, etc. | c1982. |
| 300 ## - PHYSICAL DESCRIPTION | |
| Extent | viii, 666 p. : |
| Other physical details | ill. ; |
| Size of unit | 22 cm. |
| 504 ## - BIBLIOGRAPHY, ETC. NOTE | |
| Bibliography, etc | Includes bibliographical references and index. |
| 590 ## - Name of Cataloguer | |
| Name of Cataloger | mukta |
| 650 ## - SUBJECT ADDED ENTRY--TOPICAL TERM | |
| Topical term or geographic name as entry element | Entomology. |
| 650 ## - SUBJECT ADDED ENTRY--TOPICAL TERM | |
| Topical term or geographic name as entry element | Entomologie |
| Form subdivision | Manuels. |
| 650 ## - SUBJECT ADDED ENTRY--TOPICAL TERM | |
| Topical term or geographic name as entry element | Insetos Em Geral |
| Form subdivision | Biologia |
| 700 ## - ADDED ENTRY--PERSONAL NAME | |
| Personal name | Ross, Charles A. |
| 700 ## - ADDED ENTRY--PERSONAL NAME | |
| Personal name | Ross, June R. P. |
| 856 ## - ELECTRONIC LOCATION AND ACCESS | |
| Uniform Resource Identifier | <a href="https://www.worldcat.org/title/textbook-of-entomology/oclc/174147&referer=brief_results">https://www.worldcat.org/title/textbook-of-entomology/oclc/174147&referer=brief_results</a> |
| 942 ## - ADDED ENTRY ELEMENTS (KOHA) | |
| Source of classification or shelving scheme | Dewey Decimal Classification |
| Koha item type | Book |
| Withdrawn status | Lost status | Source of classification or shelving scheme | Damaged status | Not for loan | Collection code | Home library | Branch Name | Shelving location | Date acquired | Total Checkouts | Full call number | Barcode | Date last seen | Price effective from | Koha item type | Date checked out |
|---|---|---|---|---|---|---|---|---|---|---|---|---|---|---|---|---|
| Dewey Decimal Classification | Non-fiction | SAU Library | SAU Library | General Stacks | 01/06/1992 | 595.7 ROT | 17723 | 13/01/2015 | 13/01/2015 | Book | ||||||
| Dewey Decimal Classification | Reference | SAU Library | SAU Library | Reference | 19/03/1984 | 1 | 595.7 ROT | 9078 | 16/06/2025 | 13/01/2015 | Book | 08/12/2024 | ||||
| Dewey Decimal Classification | SAU Library | SAU Library | General Stacks | 01/06/1992 | 3 | 595.7 ROT | 17729 | 30/03/2026 | 24/02/2015 | Book | 18/11/2025 | |||||
| Dewey Decimal Classification | SAU Library | SAU Library | General Stacks | 01/06/1992 | 1 | 595.7 ROT | 17719 | 30/03/2026 | 24/02/2015 | Book | 22/05/2023 | |||||
| Dewey Decimal Classification | SAU Library | SAU Library | General Stacks | 01/06/1992 | 1 | 595.7 ROT | 17722 | 11/01/2017 | 24/02/2015 | Book | 22/12/2016 | |||||
| Dewey Decimal Classification | Not For Loan | Reference | SAU Library | SAU Library | Reference | 01/06/1992 | 595.7 ROT | 17718 | 13/05/2015 | 13/05/2015 | Book | |||||
| Dewey Decimal Classification | Not For Loan | Reference | SAU Library | SAU Library | Reference | 01/06/1992 | 595.7 ROT | 17725 | 17/05/2015 | 17/05/2015 | Book | |||||
| Dewey Decimal Classification | SAU Library | SAU Library | General Stacks | 4 | 595.7 ROT | 17726 | 19/05/2019 | 19/06/2015 | Book | 05/02/2019 | ||||||
| Dewey Decimal Classification | SAU Library | SAU Library | General Stacks | 01/06/1992 | 4 | 595.7 ROT | 17730 | 08/06/2023 | 19/07/2015 | Book | 29/03/2023 | |||||
| Dewey Decimal Classification | SAU Library | SAU Library | General Stacks | 28/02/2017 | 3 | 595.7 ROT | 17724 | 03/11/2025 | 28/02/2017 | Book | 27/10/2025 |
